ONE PIECE- Top 100 des personnages apparaissants sur les couvertures - Statistiques

Statistiques générales
  • Ce quiz a été pris 1 037 fois
  • Le résultat moyen est 40 sur 90
Statistiques - réponses
Rang Personnage Nb d'apparitions % Correct
1 Monkey D. Luffy 102
100%
5 Nami 29
99%
2 Roronoa Zoro 33
99%
4 Sanji Vinsmoke 30
98%
7 Nico Robin 19
97%
6 Chopper 28
95%
8 Franky 17
93%
3 Usopp 30
93%
9 Brook 14
92%
17 Portgas D. Ace 5
90%
16 Shanks 6
90%
20 Charlotte Linlin 5
88%
22 Kaido 5
88%
30 Edward Newgate 4
87%
11 Jinbei 7
85%
14 Marshall D. Teach 6
85%
37 Crocodile 3
81%
31 Don Quichote Doflamingo 4
80%
18 Sabo 5
80%
13 Baggy 6
78%
28 Monkey D. Garp 4
78%
10 Trafalgar D. Law 10
78%
21 Eustass Kid 5
73%
52 Sakazuki Akainu 2
73%
12 Nefertari Vivi 7
71%
49 Charlotte Katakuri 2
65%
66 Gecko Moria 2
65%
19 Rob Lucci 5
56%
73 Marco 2
55%
51 Sengoku 2
54%
39 Silvers Rayleigh 3
52%
58 Bon Clay 2
51%
47 Kinemon 2
51%
82 Koby 2
51%
29 Carrot 4
46%
45 Kaku 3
46%
24 Smoker 5
46%
68 Jewelry Bonney 2
45%
53 Queen 2
43%
80 Shiraoshi 2
40%
26 Rebecca 5
39%
84 Galdino 2
38%
69 Basil Hawkins 2
37%
42 Capone Bege 3
37%
57 Daz Bones 2
36%
35 Fujitora 3
36%
36 Tashigi 3
34%
46 Kalifa 3
32%
32 Bartolomeo 3
31%
83 Hermep 2
31%
34 Pedro 3
31%
70 Scratchmen Apoo 2
31%
59 Charlotte Pudding 2
29%
67 Icebarg 2
29%
44 Nefertari Cobra 3
28%
88 Nekomamushi 2
28%
38 César Clown 3
27%
60 Pica 2
27%
61 Trébol 2
27%
85 Blueno 2
26%
74 Charlotte Perospero 2
26%
87 Inuarashi 2
26%
56 Joz 2
25%
33 Cavendish 3
24%
25 Kyros 5
24%
72 Charlotte Mont d'Or 2
23%
86 Reiju Vinsmoke 2
23%
81 Bellamy 2
22%
40 Leo 3
21%
77 Raizo 2
21%
23 Kaloo 5
20%
71 Charlotte Brulée 2
19%
48 Izo 2
18%
65 Sugar 2
17%
50 Tama 2
16%
78 Kiku 2
15%
62 Senor Pink 2
15%
63 Baby 5 2
14%
90 Don Chinjao 2
14%
89 Pekoms 2
13%
79 Kawamatsu 2
10%
64 Buffalo 2
8%
75 Koza 2
7%
76 Manshelly 2
7%
54 Toko 2
6%
41 Hiyori Kozuki 3
5%
15 Momonosuke Kozuki 6
5%
55 Hyogoro 2
4%
27 Napoléon 4
4%
43 Kabu 3
2%
Aucun quiz correspondant
Distribution des résultats
% des personnes avec chaque résultat
Percentile par nombre de réponses
Votre historique - résultats
Vous n’avez pas pris ce quiz